| 000 | 00955nam a2200241 a 4500 | ||
|---|---|---|---|
| 001 | BRCA_6095 | ||
| 005 | 20190320205331.0 | ||
| 008 | 220611s1830----fr-#######---#000-0#fre-# | ||
| 041 | _afre | ||
| 044 | _afr | ||
| 050 | 4 |
_aPQ2369.M8 _b.B57 1830 |
|
| 100 | 1 |
_aBiré, Edmond _d1829-1907 _915412 |
|
| 245 | 1 | 0 |
_aOeuvres complétes de Alfred de Musset _bnouvelle édition revue, corrigée et complétée de documents inédits précédée d´une notice biographique sur l´auteur et suivie de notes _cpar Edmond Biré. |
| 260 |
_aParís _bGarnier Frères _c[1830?] |
||
| 300 |
_alxxx, 423 p. (v.1) _c19 cm. |
||
| 500 | _aI19 | ||
| 504 | _aIncluye referencias bibliográficas | ||
| 505 | 0 | _aContenido: v.1. Premieres Poesies : 1829-1835. Contes d´Espagne et d´Italie - Spectacle dans un fauteuil - Poésies diverses - Namouna | |
| 600 | 1 | 4 |
_aMusset, Alfred de _d1810-1857 _915413 |
| 650 | 1 | 4 |
_aLiteratura francesa _915414 |
| 902 | _aGFM | ||
| 942 |
_2lcc _cB |
||
| 999 |
_c5782 _d5782 |
||